000
00207nam a2200085Ia 4500
008
120527s9999 xx 000 0 und d
100
_a
Goldstein, et al
245
_a
Calculus and its Appplications
942
_c
BK
999
_c
27833
_d
27833